| 000 | 00485nam a22001937a 4500 | ||
|---|---|---|---|
| 003 | koha_MIRAKIL | ||
| 005 | 20231213095951.0 | ||
| 008 | 231213b |||||||| |||| 00| 0 ||| d | ||
| 020 | _b978-9-75899217-1 | ||
| 040 |
_aTR-IsEVY _btur _cTR-IsEVY |
||
| 082 | _a303.49 REE/D | ||
| 100 | _aEralp, Mehmet. | ||
| 245 | 0 |
_aDünyanın sonu _bson saat |
|
| 260 |
_b1001 Kitap, _c2007 |
||
| 300 | _a270 s. | ||
| 650 | _aDünyanın sonu. | ||
| 650 | _aEnd of the world. | ||
| 942 |
_2ddc _cBK |
||
| 999 |
_c12356 _d12356 |
||